Microsoft Word 2010 step by step / (Record no. 49201)

MARC details
000 -LEADER
fixed length control field 00888nam a22002537a 4500
005 - DATE AND TIME OF LATEST TRANSACTION
control field 20101215143842.0
008 - FIXED-LENGTH DATA ELEMENTS--GENERAL INFORMATION
fixed length control field 101215t xxu||||| |||| 00| 0 eng d
010 ## - LCCN (DPL NO)
LC control number ENG-101814
020 ## - INTERNATIONAL STANDARD BOOK NUMBER
International Standard Book Number 9788120341395
Terms of availability 395.00
035 ## - SYSTEM CONTROL NUMBER
System control number EN-85347
037 ## - SOURCE OF ACQUISITION
Source of stock number/acquisition DBAD / PUB
040 ## - CATALOGING SOURCE
Original cataloging agency dpl
Language of cataloging Eng
082 ## - DEWEY DECIMAL CLASSIFICATION NUMBER
Classification number 005.52
100 ## - MAIN ENTRY--PERSONAL NAME
Personal name Joyce, Cox
9 (RLIN) 24780
245 1# - TITLE STATEMENT
Title Microsoft Word 2010 step by step /
Statement of responsibility, etc by Joyce Cox [and] Joan Lambert
260 ## - PUBLICATION, DISTRIBUTION, ETC. (IMPRINT)
Place of publication, distribution, etc New Delhi
Name of publisher, distributor, etc Prentice-Hall of India
Date of publication, distribution, etc 2011
270 ## - ADDRESS
Address M-97, Connaught Circus
City New Delhi
Postal code 110 001
300 ## - PHYSICAL DESCRIPTION
Extent xxix, 493p. :
Dimensions 24cm (pbk)
Other physical details ill
500 ## - GENERAL NOTE
General note Includes index
650 ## - SUBJECT ADDED ENTRY--TOPICAL TERM
9 (RLIN) 24807
700 ## - ADDED ENTRY--PERSONAL NAME
Personal name Lambert, Joan
9 (RLIN) 24781
942 ## - ADDED ENTRY ELEMENTS (KOHA)
Institution code [OBSOLETE] dpl
Item type English Books
Source of classification or shelving scheme Dewey Decimal Classification
Classification part 005.52
Call number suffix COX
Holdings
Withdrawn status Lost status Source of classification or shelving scheme Damaged status Not for loan Collection code Home library Current library Date acquired Source of acquisition Cost, normal purchase price Total Checkouts Full call number Barcode Date last seen Copy number Cost, replacement price Koha item type
    Dewey Decimal Classification   Not For Loan Non-fiction D.B.Act.Division D.B.Act.Division 15/12/2010 DBAD/PUB 395.00   005.52 COX EN-85347 15/12/2010 1 395.00 English Books

© Delhi Public Library
Hit Counter
free hit counter